000 00634nam a2200205Ia 4500
005 20250923145431.0
008 008 250917s9999 xx 000 0 eng d
037 _aTextual
040 _aDSWL
_beng
_cDSWL
041 _aeng
_2eng
084 _aY15-73(Q7):1.2.5, N68
_qDSWL
100 _aVreede-Destures, Cora
_9835273
245 0 _aParda : A study of muslim women's life in Northern India
_c by Cora Vreede-Destures
260 _aAssen
_bVan Gorcum & Co
_c1968
300 _axii,128 p.
365 _aINR
_b85.5
925 _g85.5
942 _cTEXL
_hY15-73(Q7):1.2.5, N68
999 _c1451306
_d1451306